Single sideband for the radio amateur : digest of authoritative articles on amateur radio single sideband /

Bibliographic Details
Corporate Author: American Radio Relay League
Format: Book
Language:English
Published: Newington, Conn., [publisher not identified] ; 1965.
Edition:4th ed.
Series:Radio amateur's library ; publication no. 20.
Subjects:

MARC

Tag First Indicator Second Indicator Subfields
LEADER 00000cam a2200000 i 4500
001 in00000093132
005 20150925085240.0
008 770503s1965 cnu 00110 eng d
010 |a  65004778  
035 |a (OCoLC)02936353 
035 |9 AAL1711AM 
040 |a IUP  |c IUP  |d TXA  |d UtOrBLW 
049 |a TXAM  |c [480121] 
082 0 |a 621.384166 
090 |a TK9956  |b .A67 1965 
110 2 |a American Radio Relay League. 
245 1 0 |a Single sideband for the radio amateur :  |b digest of authoritative articles on amateur radio single sideband /  |c American Radio Relay League. 
250 |a 4th ed. 
264 1 |a Newington, Conn.,  |b [publisher not identified] ;  |c 1965. 
300 |a 253 pages :  |b illustrations ;  |c 24 cm. 
336 |a text  |b txt  |2 rdacontent 
337 |a unmediated  |b n  |2 rdamedia 
338 |a volume  |b nc  |2 rdacarrier 
490 1 |a Radio amateur's library ;  |v publication no. 20 
504 |a Includes bibliographical references and index. 
650 0 |a Radio  |v Amateurs' manuals. 
650 0 |a Radio, Single-sideband  |x Amateurs' manuals. 
830 0 |a Radio amateur's library ;  |v publication no. 20. 
999 |a MARS 
999 f f |s ee9e2d54-9ba9-3ea8-976e-9ba366f23730  |i 96c51dd0-a698-335f-b74e-26dcf41a3189  |t 0 
952 f f |p normal  |a Texas A&M University  |b College Station  |c Sterling C. Evans Library  |d Evans: Library Stacks  |t 0  |e TK9956 .A67 1965  |h Library of Congress classification  |i unmediated -- volume  |m A14805519784 
998 f f |a TK9956 .A67 1965  |t 0  |l Evans: Library Stacks